Catálogo

Vista normal Vista MARC

Entrada Personal Name

Número de registros utilizados en: 1

001 - CONTROL NUMBER

  • control field: 6302

003 - CONTROL NUMBER IDENTIFIER

  • control field: DLC

005 - DATE AND TIME OF LATEST TRANSACTION

  • control field: 20210215095655.0

008 - FIXED-LENGTH DATA ELEMENTS

  • fixed length control field: 030917n| acannaabn |n aaa

010 ## - LIBRARY OF CONGRESS CONTROL NUMBER

  • LC control number: n 2003054700

040 ## - CATALOGING SOURCE

  • Original cataloging agency: DLC
  • Language of cataloging: spa
  • Transcribing agency: Mx-PuUPA
  • Modifying agency: DLC
  • Modifying agency: Mx-PuUPA

100 1# - HEADING--PERSONAL NAME

  • Personal name: Escobedo, Juan Francisco,

374 ## - OCCUPATION

  • Occupation: Autor

375 ## - GENDER

  • Gender: hombre

377 ## - ASSOCIATED LANGUAGE

  • Language code: spa

670 ## - SOURCE DATA FOUND

  • Source citation: El cambio en la comunicación, los medios y la política, 2001:
  • Information found: t.p. (Juan Francisco Escobedo)

670 ## - SOURCE DATA FOUND

  • Source citation: Comunicación y transparencia de los poderes del estado, 2002:
  • Information found: t.p. (Juan Francisco Escobedo) p. 5 (coordinador de la Maestría en Communicación, Universidad Iberoamericana)